| 000 | 00451nam a22001697a 4500 | ||
|---|---|---|---|
| 999 |
_c4004 _d4004 |
||
| 003 | GBCCL | ||
| 005 | 20241126110508.0 | ||
| 008 | 171220b xxu||||| |||| 00| 0 eng d | ||
| 040 | _cgbc | ||
| 082 |
_a248 _bKEM |
||
| 100 |
_aKempis, Thomas A _97763 |
||
| 245 |
_aThe imitation of Christ / _cThomas A Kempis |
||
| 260 |
_aNew York: _bThe Pocket Library, _c1961 |
||
| 300 |
_a303 p.; _bill., _c16 cm. |
||
| 650 |
_aChristian life _9183 |
||
| 942 |
_2ddc _cBK _01 |
||